International Financial Statistics, September 2017.

This paper discusses the complete set of updated country notes is accessible from the IFS Online Service internet site (in the Metadata tab), and appear on the DVD-ROM edition of IFS under the Publications tab. A print edition of Country Notes may be ordered separately by subscribers of the DVD-ROM....

Celý popis

Podrobná bibliografie
Korporativní autor: International Monetary Fund. Statistics Dept
Médium: Časopis
Jazyk:English
Vydáno: Washington, D.C. : International Monetary Fund, 2017.
Edice:International Financial Statistics; International Financial Statistics ; No. 2017/009
On-line přístup:Full text available on IMF
LEADER 02253cas a2200241 a 4500
001 AALejournalIMF017377
008 230101c9999 xx r poo 0 0eng d
020 |c 50.00 USD 
020 |z 9781475571950 
022 |a 0252-3027 
040 |a BD-DhAAL  |c BD-DhAAL 
110 2 |a International Monetary Fund.  |b Statistics Dept. 
245 1 0 |a International Financial Statistics, September 2017. 
264 1 |a Washington, D.C. :  |b International Monetary Fund,  |c 2017. 
300 |a 1 online resource (1052 pages) 
490 1 |a International Financial Statistics 
500 |a <strong>Off-Campus Access:</strong> No User ID or Password Required 
500 |a <strong>On-Campus Access:</strong> No User ID or Password Required 
506 |a Electronic access restricted to authorized BRAC University faculty, staff and students 
520 3 |a This paper discusses the complete set of updated country notes is accessible from the IFS Online Service internet site (in the Metadata tab), and appear on the DVD-ROM edition of IFS under the Publications tab. A print edition of Country Notes may be ordered separately by subscribers of the DVD-ROM. The sources for the unit labor cost data are the OECD Analytical Database (quarterly unit labor cost in manufacturing) and IMF staff (annual data interpolated into higher frequencies). Euro area unit labor cost is used as a proxy for a number of economies for which data are unavailable: Cyprus, Czech Republic, Estonia, Latvia, Lithuania, Malta, and Slovak Republic. For manufactured goods, trade by type of good and market is distinguished in the database. For primary products, the weights assigned depend principally on a country's role as a global supplier or buyer of the product. Trade in crude petroleum, petroleum, and other energy products are excluded. For some countries that heavily depend on tourism, bilateral exports of tourism services averaged over 2004-2006 are also included in calculating the competitiveness weights. 
538 |a Mode of access: Internet 
830 0 |a International Financial Statistics; International Financial Statistics ;  |v No. 2017/009 
856 4 0 |z Full text available on IMF  |u http://elibrary.imf.org/view/books/041/23999-9781475571950-en/23999-9781475571950-en-book.xml  |z IMF e-Library